<?xml version="1.0" encoding="UTF-8"?>
<collection xmlns="http://www.loc.gov/MARC21/slim">
 <record>
  <leader>00469pamaa2200157   4500</leader>
  <controlfield tag="001">0000040598</controlfield>
  <controlfield tag="005">20060810090000.0</controlfield>
  <datafield tag="020" ind1="0" ind2="0">
   <subfield code="a">8190176951 (pbk) </subfield>
  </datafield>
  <datafield tag="090" ind1="0" ind2="0">
   <subfield code="a">QP519 </subfield>
   <subfield code="b">RAJ 2005</subfield>
  </datafield>
  <datafield tag="100" ind1="1" ind2="0">
   <subfield code="a">RAJAGOPAL </subfield>
  </datafield>
  <datafield tag="245" ind1="1" ind2="0">
   <subfield code="a">Practical biochemistry (for medical, dental and allied courses)  </subfield>
   <subfield code="c">G. Rajagopal, B.D. Toora.</subfield>
  </datafield>
  <datafield tag="260" ind1="0" ind2="0">
   <subfield code="a">New Delhi: </subfield>
   <subfield code="b">Ahuja Book Company, </subfield>
   <subfield code="c">2005.</subfield>
  </datafield>
  <datafield tag="300" ind1=" " ind2=" ">
   <subfield code="a">260p.; </subfield>
   <subfield code="c">26 cm.</subfield>
  </datafield>
  <datafield tag="650" ind1="0" ind2="0">
   <subfield code="a">Biochemistry -- </subfield>
   <subfield code="x">Laboratory manuals </subfield>
  </datafield>
  <datafield tag="700" ind1="1" ind2="1">
   <subfield code="a">Toora, </subfield>
   <subfield code="h">B.D </subfield>
  </datafield>
 </record>
</collection>
